000 00900nam a22002777a 4500
001 7002
003 FISKH
005 20250617101718.0
008 250617b cb ||||| |||| 00| 0 eng d
020 _a9780241324585
040 _aFISKH
_beng
_cFISKH
_dFISKH
082 _a610.695
100 _aHibbert, Clare
245 _aI'm a doctor /
_cWritten by Clare Hibbert : Illustrated by Mike Byrne
250 _aThis Edition published 2017
260 _aLondon :
_bLadybird Books ,
_c2015.
300 _a32 pages :
_bcolor illustrations ;
_c21x21 cm .
505 _aF
520 _aCould you be a doctor when your grow up? This fun book is filled with exciting facts for future medical experts!
521 8 _a400
_bLexile estimate
521 8 _aF
_bRaz-Plus
650 _aChildren
_vNon-fiction
700 _aByrne, Mike
_eIllustrator
942 _2ddc
_cBK
_n0
999 _c7002
_d7002